000 005260000a22001930004500
001 001760
003 MACL
005 20150919133556.0
008 150919b xxu||||| |||| 00| 0 eng d
040 _aMACL
_cMACL
041 _aEnglish
082 _a829.8/DEB
100 _aDebroy, Biberk
_912028
245 _aWTO At Ten Looking Back To Look Beyond
_bDevelopment Through Trade Vol.1
_cBiberk Debroy
260 _aNew Delhi
_c2005
_bKonark Publishers,
350 _a550
650 _aLiterature
_912029
942 _k830
_cBK
_2ddc
999 _c13677
_d13677